| 000 | 00569cab a2200217 4500 | ||
|---|---|---|---|
| 001 | ABS52948 | ||
| 008 | 090401t1995 xxu||||| |||| 00| 0 eng d | ||
| 035 | _a(Sirsi) u1045 | ||
| 041 | _aeng | ||
| 100 | _aKyte, M. | ||
| 245 | _aTask master | ||
| 260 | _c1995 | ||
| 350 | _a0 | ||
| 490 |
_aBuilding _v260(7891) 5 May 1995, 56-57(2) |
||
| 520 | _aAn examination of the project management software Micro Planner X-Pert. | ||
| 650 | _aMICRO PLANNER X-PERT | ||
| 650 | _aSOFTWARE PACKAGES | ||
| 690 |
_aProject management _96261 |
||
| 942 | _n0 | ||
| 948 | _c04/03/1997 | ||
| 999 |
_c576 _d576 |
||